Statistics for US States that Neither Have A Coastline Or Are Neighbours Of A State With A Coastline

Click here to take the quiz!

General Stats

  • This quiz has been taken 28 times
    (27 since last reset)
  • The average score is 14 of 16

Answer Stats

Answer% Correct
Colorado
96%
Illinois
96%
Iowa
96%
North Dakota
96%
South Dakota
96%
Kansas
93%
Ohio
93%
Wyoming
93%
Indiana
89%
Michigan
85%
Minnesota
85%
Utah
85%
Missouri
81%
Nebraska
81%
Wisconsin
81%
Montana
78%

Score Distribution

Percentile by Number Answered

Percent of People with Each Score

Your Score History

You have not taken this quiz since the last reset